Banco Mundial, desarrollo social y superación de la pobreza /

Đã lưu trong:
Chi tiết về thư mục
Tác giả chính: Gacitúa Marió, Estanislao
Định dạng: Texto
Các nhãn: Thêm thẻ
Không có thẻ, Là người đầu tiên thẻ bản ghi này!

MARC

LEADER 00000 a a2200000 04500
001 7478
003
040
100 |a Gacitúa Marió, Estanislao  
245 |a Banco Mundial, desarrollo social y superación de la pobreza /  |c Estanislao Gacitúa Marió 
500 |a También publicado en la obra: Pobreza, exclusión y política social, Ed. por Rafael Menjívar Larín, Dirk Kruijt y Lieteke van Vucht Tijssen, FLACSO. Programa Costa Rica, Universidad de Utrecht, UNESCO. MOST. N. acceso interno: 14097.01-05  
773 |g número 8; páginas 128-147  
999 |c 30195  |d 30195